ბათუმის შოთა რუსთაველის სახელმწიფო უნივერსიტეტის ბიბლიოთეკა

Sustainable Tourism Futures : (ბიბ.ჩანაწერი № 54398)

000 -LEADER
fixed length control field 00979nam a2200265Ia 4500
001 - CONTROL NUMBER
control field 21454
003 - CONTROL NUMBER IDENTIFIER
control field GE_BSU
005 - DATE AND TIME OF LATEST TRANSACTION
control field 20211115170430.0
008 - FIXED-LENGTH DATA ELEMENTS--GENERAL INFORMATION
fixed length control field 181216s2009||||enk|||||||||||||| ||eng||
020 ## - INTERNATIONAL STANDARD BOOK NUMBER
International Standard Book Number 9780415542258
040 ## - CATALOGING SOURCE
Transcribing agency GE_BSU
080 ## - UNIVERSAL DECIMAL CLASSIFICATION NUMBER
Universal Decimal Classification number 338.46-6 S-91
245 ## - TITLE STATEMENT
Title Sustainable Tourism Futures :
Remainder of title Perspectives on Systems, Restructuring and Innovations /
Statement of responsibility, etc. Edited by Stefan Gossling, C. Michael Hall and David B. Weaver
264 ## - PRODUCTION, PUBLICATION, DISTRIBUTION, MANUFACTURE, AND COPYRIGHT NOTICE
Place of production, publication, distribution, manufacture New York :
Name of producer, publisher, distributor, manufacturer Routledge,
Date of production, publication, distribution, manufacture, or copyright notice 2012 (2009).
300 ## - PHYSICAL DESCRIPTION
Extent 319 p. ;
Dimensions 23 cm.
500 ## - GENERAL NOTE
General note Bibl. p. : 311-314 ; Index. p. : 315-319
653 ## - INDEX TERM--UNCONTROLLED
keyword Sustainable Tourism Futures : Perspectives on Systems, Restructuring and Innovations
653 ## - INDEX TERM--UNCONTROLLED
keyword Экономика, Туризм
653 ## - INDEX TERM--UNCONTROLLED
keyword ეკონომიკა, ტურიზმი
700 ## - ADDED ENTRY--PERSONAL NAME
Numeration Gossling, C. Stefan
Relator term Editor
9 (RLIN) 12924
700 ## - ADDED ENTRY--PERSONAL NAME
Personal name Hall, Michael
Relator term Editor
9 (RLIN) 12925
700 ## - ADDED ENTRY--PERSONAL NAME
Personal name Weaver, David B.
Relator term Editor
9 (RLIN) 12926
942 ## - ADDED ENTRY ELEMENTS (KOHA)
Koha item type წიგნი
Source of classification or shelving scheme
ეგზემპლარები
Withdrawn status Lost status Source of classification or shelving scheme Damaged status Not for loan Permanent Location Current Location Shelving location Date acquired Cost, normal purchase price Full call number Barcode Date last seen Copy number Price effective from Koha item type Public note
          ბათუმის შოთა რუსთაველის სახელმწიფო უნივერსიტეტის მთავარი ბიბლიოთეკა ბათუმის შოთა რუსთაველის სახელმწიფო უნივერსიტეტის მთავარი ბიბლიოთეკა წიგნსაცავი 2018-12-17 95.00 338.46-6 S-91 55415 2018-12-17 55415 2018-12-17 წიგნი 95.00 GEL.
          ბათუმის შოთა რუსთაველის სახელმწიფო უნივერსიტეტის მთავარი ბიბლიოთეკა ბათუმის შოთა რუსთაველის სახელმწიფო უნივერსიტეტის მთავარი ბიბლიოთეკა წიგნსაცავი 2018-12-17 95.00 338.46-6 S-91 55416 2018-12-17 55416 2018-12-17 წიგნი 95.00 GEL.
          ბათუმის შოთა რუსთაველის სახელმწიფო უნივერსიტეტის მთავარი ბიბლიოთეკა ბათუმის შოთა რუსთაველის სახელმწიფო უნივერსიტეტის მთავარი ბიბლიოთეკა წიგნსაცავი 2018-12-17 95.00 338.46-6 S-91 55417 2018-12-17 55417 2018-12-17 წიგნი 95.00 GEL.